000 00783nam a2200241 i 4500
001 45319
003 ES-MaACL
005 20250829060225.0
007 t|
008 030325s1962 sp ||||1| spa d
100 1 _aColón, Cristóbal.
_939869
245 1 0 _aDiario de Colón
_b: libro de la primera navegación y descubrimiento de las Indias.
250 _aEd. facs.
_bpublicada por Carlos Sanz.
260 _a[Madrid :
_bs.n.,
_c1962] (
_fGráf. Yagües)
300 _a2 v. ;
_c35 cm.
490 1 _aBibliotheca Americana Vetustissima
655 7 _2tgfbne
_9226495
_aFacsímiles
700 1 _aSanz, Carlos,
_d1903-1979
_9103566
830 0 _aBibliotheca Americana Vetustissima
_9182053
852 _aES-MaACL
_jC-22315-6
_bR.51062
942 _2udc
999 _c45319
_d45319